LEADER 01277nam a2200313 a 4500 001 000000122305 003 CaOOAMICUS 005 20100621154318.0 008 100621t2007 it b u000 u ita r 020 $a978-88-15-11613-0 040 $aPUL$bita$dReb 041 1 $aita$hger 082 04$a909 100 1 $aRothermund, Dietmar.$0(OLS)http://pul/name/76725 240 10$aGeschichte Indiens$lItaliano.$0(OLS)http://pul/title/153986 245 10$aStoria dell'India /$cDietmar Rothermund. 260 $aBologna :$bIl Mulino,$c©2007. 300 $a135 p. :$bc. geogr. ;$c21 cm. 490 1 $aUniversale paperbacks Il Mulino ;$v527 504 $aInclude riferimenti bibliografici ed indice. 651 4$aIndia$xStoria.$0(OLS)http://pul/subject/14137 830 0$aUniversale paperbacks Il Mulino ;$v527.$0(OLS)http://pul/title/190 850 $aPUL 852 $aPUL$W1$xDP2 Filosofia 3$y112$m909 COLL 2.527$j140417$qDDC 21$B139559$CPULBib$Z2$F139559 $H114196 $82 941 1 $a9 996 $6020$a978-88-15-11613-0$9(OLS)http://pul/number/144653 996 $6082$a909$9(OLS)http://pul/classification/566 996 $6245$aStoria dell'India$9(OLS)http://pul/title/153985 996 $6260$aBologna :$bIl Mulino$9(OLS)http://pul/publisher/47928 LEADER 01644nam a2200325 a 4500 001 000000151293 003 CaOOAMICUS 005 20160414130925.0 008 160414s2015 gw u000 u ger r 020 $a978-3-8300-8181-4* 032 $aLibriCat 040 $aPUL$bita 100 1 $aDo?rr, Alexander.$0(OLS)http://pul/name/96293 245 10$aInformationsanspru?che gegenu?ber dem Staat zuzurechnenden Unternehmen /$cAlexander Do?rr. 260 $aHamburg :$bKova?,$c2015. 300 $a133 p.;$c24 cm 440 0$aBeitra?ge zu Datenschutz und Informationsfreiheit $b(Verlag Dr. Kovac) ;$v5 502 $a"Inaugural Dissertation zur Erlagung der Doktorwurde der Juristichehen Fakultät der Eberhard Karls Universität Tübingen, 2014. 504 $aBibliografia : p. xvii-xxxvi. 650 4$aInformazione$xDiritto.$0(OLS)http://pul/subject/29313 700 1 $aEberhard-Karls-Universität (Tübingen).$bJuristiche Fakultät$kTesi.$0(OLS)http://pul/name/96291 830 0$aBeitra?ge zu Datenschutz und Informationsfreiheit $b(Verlag Dr. Kovac) ;$v5.$0(OLS)http://pul/title/190530 850 $aPUL 852 $aPUL$W1$xDP1 Tesi Varie$y51$m2015 D 2$j169000$qTesi$B176171$CPULBib$Z2$F176171 $82 941 1 $a16 996 $6020$a978-3-8300-8181-4*$9(OLS)http://pul/number/160272 996 $6245$aInformationsanspru?che gegenu?ber dem Staat zuzurechnenden Unternehmen$9(OLS)http://pul/title/190529 996 $6440$aBeitra?ge zu Datenschutz und Informationsfreiheit $b(Verlag Dr. Kovac)$9(OLS)http://pul/title/190530 996 $6260$aHamburg :$bKovac?$9(OLS)http://pul/publisher/84868